[Event "DEN-chT 9798"]
[Site "Denmark"]
[Date "1997.11.15"]
[Round "2.2"]
[White "Borge, Nikolaj"]
[Black "Pedersen, Erik"]
[Result "1/2-1/2"]
[WhiteElo "2405"]
[BlackElo "2400"]
[PlyCount "151"]
[EventDate "1997.11.02"]
[EventType "team-tourn"]
[EventRounds "7"]
[EventCountry "DEN"]
[SourceTitle "EXT 2023"]
[Source "ChessBase"]
[SourceDate "2022.10.05"]
[SourceVersion "1"]
[SourceVersionDate "2022.10.05"]
[SourceQuality "1"]
[WhiteTeam "Espergaerde"]
[BlackTeam "Aarhus"]
[WhiteTeamCountry "DEN"]
[BlackTeamCountry "DEN"]

1. e4 d6 2. d4 Nf6 3. Bd3 e5 4. c3 Nc6 5. Nf3 Bg4 6. d5 Ne7 7. 0-0 h6 8. c4 g5 9. Nc3 Bg7 10. Be3 0-0 11. h3 Bd7 12. Nh2 Ng6 13. Be2 Nf4 14. Bg4 Nxe4 15. Nxe4 f5 16. g3 fxg4 17. hxg4 Ng6 18. c5 dxc5 19. Bxc5 Rf7 20. Qe2 b6 21. Bb4 Bc8 22. Rfd1 Bb7 23. Nf1 Bxd5 24. Nc3 c6 25. Ne3 Bf8 26. Nexd5 cxd5 27. Rxd5 Qf6 28. Bxf8 Raxf8 29. Ne4 Qf3 30. Qxf3 Rxf3 31. Rc1 Kg7 32. Rc7+ R3f7 33. Rc2 Re7 34. Rc6 Rh8 35. Nd6 Kh7 36. Nf5 Rf7 37. Rdd6 Rg8 38. Rf6 Rd7 39. Rfd6 Rf7 40. Kg2 h5 41. gxh5 Rxf5 42. hxg6+ Kh6 43. Rd7 Rxg6 44. Rxg6+ Kxg6 45. Rxa7 e4 46. a4 Rf6 47. Ra6 Kf5 48. b4 e3 49. fxe3 Rc6 50. Kf3 g4+ 51. Ke2 Ke4 52. a5 Rc2+ 53. Kd1 Ra2 54. Rxb6 Kf3 55. a6 Kxg3 56. b5 Kf3 57. Rg6 g3 58. b6 Ra1+ 59. Kd2 Ra2+ 60. Kd3 Ra3+ 61. Kd4 Ra4+ 62. Kd5 Rxa6 63. b7 Rxg6 64. b8Q g2 65. Qf4+ Ke2 66. Qc4+ Kd2 67. Qb4+ Ke2 68. Qc4+ Kd2 69. Qa2+ Kxe3 70. Qa7+ Ke2 71. Qa2+ Ke3 72. Qb3+ Kf4 73. Qc4+ Kf5 74. Qc8+ Kg5 75. Qd8+ Kh6 76. Qh8+ 1/2-1/2

[Event "DEN-chT 9798"]
[Site "Denmark"]
[Date "1997.11.02"]
[Round "1.2"]
[White "Aagaard, Jacob"]
[Black "Pedersen, Erik"]
[Result "1/2-1/2"]
[WhiteElo "2440"]
[BlackElo "2400"]
[PlyCount "78"]
[EventDate "1997.11.02"]
[EventType "team-tourn"]
[EventRounds "7"]
[EventCountry "DEN"]
[SourceTitle "EXT 2023"]
[Source "ChessBase"]
[SourceDate "2022.10.05"]
[SourceVersion "1"]
[SourceVersionDate "2022.10.05"]
[SourceQuality "1"]
[WhiteTeam "Gistrup"]
[BlackTeam "Aarhus"]
[WhiteTeamCountry "DEN"]
[BlackTeamCountry "DEN"]

1. d4 Nf6 2. Nf3 d6 3. c4 Nbd7 4. Nc3 c6 5. e4 e5 6. Be2 Be7 7. 0-0 0-0 8. Qc2 a6 9. Rd1 Qc7 10. Rb1 b6 11. b4 Bb7 12. dxe5 dxe5 13. Be3 Rfe8 14. Nd2 Rad8 15. a3 Nf8 16. Na4 c5 17. bxc5 Bxc5 18. Bxc5 bxc5 19. Nc3 Ne6 20. Nd5 Nxd5 21. cxd5 Nd4 22. Qc4 Rd6 23. Nf3 f5 24. Nxd4 exd4 25. Rxd4 Qc8 26. Rd2 fxe4 27. Qb3 Re7 28. Qg3 Rg6 29. Qh4 Qd7 30. d6 e3 31. Bc4+ Kh8 32. fxe3 Re8 33. Rxb7 Qxb7 34. d7 Rf8 35. h3 Qb1+ 36. Kh2 Qb8+ 37. Kg1 Qb1+ 38. Kh2 Qb8+ 39. Kg1 Qb1+ 1/2-1/2

[Event "DEN-chT 9495"]
[Site "Denmark"]
[Date "1994.??.??"]
[Round "3"]
[White "Pedersen, Erik"]
[Black "Schandorff, Lars"]
[Result "1/2-1/2"]
[WhiteElo "2400"]
[BlackElo "2430"]
[PlyCount "90"]
[EventDate "1994.11.??"]
[EventType "team-tourn"]
[EventRounds "7"]
[EventCountry "DEN"]
[SourceTitle "EXT 1999"]
[Source "ChessBase"]
[SourceDate "1998.11.16"]
[SourceVersion "1"]
[SourceVersionDate "1998.11.16"]
[SourceQuality "1"]

1. b4 Nf6 2. Bb2 g6 3. Nf3 Bg7 4. e3 0-0 5. Be2 d6 6. d4 e5 7. dxe5 Ng4 8. Nc3 Nxe5 9. Nxe5 Bxe5 10. Rb1 c6 11. Ne4 Bxb2 12. Rxb2 d5 13. Ng3 h5 14. h4 Qe7 15. Qd4 Nd7 16. 0-0 Nf6 17. Rbb1 Bg4 18. f3 Be6 19. Rbe1 Nd7 20. Qf4 a5 21. a3 axb4 22. axb4 Ra4 23. Rb1 Rc8 24. Bd3 Qf6 25. Qxf6 Nxf6 26. Ne2 b6 27. Nf4 Bd7 28. Rfd1 Kg7 29. Rb3 Ra7 30. c4 dxc4 31. Bxc4 b5 32. Bd3 c5 33. bxc5 Rxc5 34. e4 Ne8 35. Bf1 Rb7 36. Rb4 Kf8 37. Nd3 Rcc7 38. Ne5 Be6 39. Rxb5 Rxb5 40. Bxb5 Rc5 41. Nd7+ Bxd7 42. Bxd7 Nf6 43. Bh3 Ke7 44. Ra1 Rc7 45. Kf2 Nd7 1/2-1/2